000 00720nam a2200193Ii 4500
003 JO-AjNU
008 230605s9999||||xx |||||||||||||| ||und||
040 _aJO-AjNU
_bara
_erda
_cJO-AjNU
041 _aara
050 1 4 _aHN17.5 .M83
100 3 _aمحمد، سميرة كامل,
_eauthor
_920197
245 0 0 _aالتنمية الاجتماعية : مفهومات اساسية رؤية واقعية
264 3 1 _aالاسكندرية: المكتب الجامعي الحديث
300 _a216ص
_bيحتوي على ببلوغرافية من 207-216ص
336 _atext
_btxt
_2rdacontent
337 _aunmediated
_bn
_2rdamedia
338 _avolume
_bnc
_2rdacarrier
650 4 _a تنمية إجتماعية
_920198
999 _aA6803
_c10371
_d10371